000
00270nam a2200109Ia 4500
008
230907s9999||||xx |||||||||||||| ||und||
082
_a
658.84
_b
CAT
245
0
_a
International marketing /
260
_a
McGraw-Hill,
_b
New Delhi :
_c
2015
300
_a
622 p.
942
_c
BK
999
_c
601422
_d
601422